书目信息 |
| 题名: |
网络安全法和网络安全等级保护2.0
|
|
| 作者: | 夏冰 主编 | |
| 分册: | ||
| 出版信息: | 北京 电子工业出版社 2017 |
|
| 页数: | 11,274页 | |
| 开本: | 26cm | |
| 丛书名: | ||
| 单 册: | ||
| 中图分类: | D922.174 | |
| 科图分类: | ||
| 主题词: | 计算机网络--科学技术管理法规--研究--中国 | |
| 电子资源: | ||
| ISBN: | 978-7-121-32765-0 | |
| 000 | 00928nam0 2200229 450 | |
| 001 | 012001001378 | |
| 005 | 20140921103355.0 | |
| 010 | @a978-7-121-32765-0@dCNY49.00 | |
| 100 | @a20180412d2017 em y0chiy50 ea | |
| 101 | 0 | @achi |
| 102 | @aCN@b110000 | |
| 105 | @ay z 000yy | |
| 106 | @ar | |
| 200 | 1 | @a网络安全法和网络安全等级保护2.0@9wang luo an quan fa he wang luo an quan deng ji bao hu 2.0@f夏冰主编 |
| 210 | @a北京@c电子工业出版社@d2017 | |
| 215 | @a11,274页@d26cm | |
| 330 | @a本书对网络安全法涉及的国家、网络运营者、公民个人的安全责任和义务进行解读,对网络安全等级保护工作流程进行解释,对信息安全管理和风险评估、网络安全事件管理和应急响应、网络安全监测预警和信息通报、网络安全监督检查等国家网络安全核心工作进行描述。 | |
| 606 | 0 | @a计算机网络@x科学技术管理法规@x研究@y中国 |
| 690 | @aD922.174@v5 | |
| 701 | 0 | @a夏冰@9xia bing@4主编 |
| 801 | 0 | @aCN@b上海新华@c20180901 |
| 905 | @b1043576-80@dD922.174@e1907@f5 | |
| 网络安全法和网络安全等级保护2.0/夏冰主编.-北京:电子工业出版社,2017 |
| 11,274页;26cm |
| ISBN 978-7-121-32765-0:CNY49.00 |
| 本书对网络安全法涉及的国家、网络运营者、公民个人的安全责任和义务进行解读,对网络安全等级保护工作流程进行解释,对信息安全管理和风险评估、网络安全事件管理和应急响应、网络安全监测预警和信息通报、网络安全监督检查等国家网络安全核心工作进行描述。 |
| ● |
| 相关链接 |
|
|
|
|
正题名:网络安全法和网络安全等级保护2.0
索取号:D922.174/1907
 
预约/预借
| 序号 | 登录号 | 条形码 | 馆藏地/架位号 | 状态 | 备注 |
| 1 | 1043576 | 210435769 | 第一样本阅览室/ [索取号:D922.174/1907] | 在馆 | |
| 2 | 1043577 | 210435778 | 第一借阅区/ [索取号:D922.174/1907] | 在馆 | |
| 3 | 1043578 | 210435787 | 第一借阅区/ [索取号:D922.174/1907] | 在馆 | |
| 4 | 1043579 | 210435796 | 第一借阅区/ [索取号:D922.174/1907] | 在馆 | |
| 5 | 1043580 | 210435803 | 密集书库-史法系/ [索取号:D922.174/1907] | 在馆 |